| 000 | 00793cab a2200241 4500 | ||
|---|---|---|---|
| 001 | ABS41676 | ||
| 008 | 090401t1989 xxu||||| |||| 00| 0 eng d | ||
| 035 | _a(Sirsi) u31627 | ||
| 041 | _aeng | ||
| 100 | _aWarner, B. | ||
| 245 | _aSafety first | ||
| 260 | _c1989 | ||
| 350 | _a0 | ||
| 490 |
_aBuilding Today _v198(5831) 9 November 1989, 24-28(3) |
||
| 520 | _aWith builders being given two months to comply with the new Control of Substances Hazardous to Health Regulations 1989 , this article examines the industry`s reactions to the new safety requirements. | ||
| 650 | _aBUILDING INDUSTRY | ||
| 650 | _aCONTRACTORS | ||
| 650 | _aHAZARDOUS MATERIALS | ||
| 650 | _aSTATUTORY INSTRUMENTS | ||
| 690 | _aBUILT ENVIRONMENT-BUILDING STANDARDS | ||
| 942 | _n0 | ||
| 948 | _c04/03/1997 | ||
| 999 |
_c21229 _d21229 |
||